Proceedings - Association of Asphalt Paving Technologists, Technical Sessions.
Gespeichert in:
| Körperschaft: | |
|---|---|
| Format: | Buch |
| Sprache: | English |
| Veröffentlicht: |
1962
Ann Arbor, Michigan : The Association,
|
| Schlagworte: | |
| Tags: |
Tag hinzufügen
Keine Tags, Fügen Sie den ersten Tag hinzu!
|
MARC
| LEADER | 00000nam a2200000Ia 4500 | ||
|---|---|---|---|
| 003 | 001953 | ||
| 005 | 20221231143847.0 | ||
| 008 | 140121s1962 us a 000 ||eng d | ||
| 040 | |c cru CEDI | ||
| 110 | |a Association of Asphalt Paving Technologists. Technical Session. |9 21020 | ||
| 245 | |a Proceedings - Association of Asphalt Paving Technologists, Technical Sessions. | ||
| 260 | |c Ann Arbor, Michigan : The Association, |b 1962 | ||
| 300 | |a Vol. 31 | ||
| 650 | |x PAVIMENTOS |x PUBLICACIONES PERIODICAS |x PAVIMENTOS |x PUBLICACIONES PERIODICAS |9 21021 | ||
| 942 | |2 ddc |c CR | ||
| 999 | |c 13381 |d 13381 | ||
